|
|
|
|
| LEADER |
02465nam a2200625 4500 |
| 001 |
ocn894509623 |
| 003 |
OCoLC |
| 005 |
20170124071244.1 |
| 006 |
m o d |
| 007 |
cr cnu|||unuuu |
| 008 |
141105s2014 enk ob 001 0 eng d |
| 040 |
|
|
|a N$T
|b eng
|e rda
|e pn
|c N$T
|d IDEBK
|d N$T
|d DG1
|d E7B
|d TEFOD
|d YDXCP
|d OCLCF
|d TEFOD
|d OCLCA
|d OCLCQ
|d OCLCO
|d TEFOD
|d COO
|d OCLCO
|d DEBBG
|d GrThAP
|
| 020 |
|
|
|a 9781119053989
|q (electronic bk.)
|
| 020 |
|
|
|a 1119053986
|q (electronic bk.)
|
| 020 |
|
|
|a 9781119053941
|q (electronic bk.)
|
| 020 |
|
|
|a 1119053943
|q (electronic bk.)
|
| 020 |
|
|
|a 9781119054023
|q (electronic bk.)
|
| 020 |
|
|
|a 1119054028
|q (electronic bk.)
|
| 020 |
|
|
|z 9781848217775
|
| 020 |
|
|
|a 1848217773
|
| 020 |
|
|
|a 9781848217775
|
| 029 |
1 |
|
|a AU@
|b 000054319013
|
| 029 |
1 |
|
|a CHBIS
|b 010442206
|
| 029 |
1 |
|
|a CHVBK
|b 334086477
|
| 029 |
1 |
|
|a NZ1
|b 15910824
|
| 029 |
1 |
|
|a DEBBG
|b BV043397261
|
| 035 |
|
|
|a (OCoLC)894509623
|
| 037 |
|
|
|a 24AED373-D683-4D88-8BBE-5FF6AB11DB85
|b OverDrive, Inc.
|n http://www.overdrive.com
|
| 050 |
|
4 |
|a QC981.8.C5
|
| 072 |
|
7 |
|a SCI
|x 030000
|2 bisacsh
|
| 072 |
|
7 |
|a SCI
|x 031000
|2 bisacsh
|
| 082 |
0 |
4 |
|a 551.63
|2 23
|
| 049 |
|
|
|a MAIN
|
| 100 |
1 |
|
|a Larminat, Philippe de.
|
| 245 |
1 |
0 |
|a Climate change :
|b identification and projections /
|c Philippe de Larminat.
|
| 264 |
|
1 |
|a London :
|b ISTE Ltd.,
|c 2014.
|
| 300 |
|
|
|a 1 online resource.
|
| 336 |
|
|
|a text
|b txt
|2 rdacontent
|
| 337 |
|
|
|a computer
|b c
|2 rdamedia
|
| 338 |
|
|
|a online resource
|b cr
|2 rdacarrier
|
| 490 |
1 |
|
|a Focus series
|
| 504 |
|
|
|a Includes bibliographical references and index.
|
| 588 |
0 |
|
|a Online resource; title from PDF title page (EBSCO, viewed November 13, 2014).
|
| 650 |
|
0 |
|a Climatic changes
|x Forecasting.
|
| 650 |
|
0 |
|a Global temperature changes.
|
| 650 |
|
7 |
|a SCIENCE
|x Earth Sciences
|x Geography.
|2 bisacsh
|
| 650 |
|
7 |
|a SCIENCE
|x Earth Sciences
|x Geology.
|2 bisacsh
|
| 650 |
|
7 |
|a Climatic changes
|x Forecasting.
|2 fast
|0 (OCoLC)fst00864244
|
| 650 |
|
7 |
|a Global temperature changes.
|2 fast
|0 (OCoLC)fst00943494
|
| 655 |
|
4 |
|a Electronic books.
|
| 655 |
|
0 |
|a Electronic books.
|
| 776 |
0 |
8 |
|i Print version:
|a De Larminat, Philippe.
|t Climate change : identification and projections.
|d Hoboken, New Jersey : ISTE Ltd/John Wiley and Sons Inc, 2014
|k Focus ecological science series
|z 9781848217775
|w (DLC)18291300
|
| 830 |
|
0 |
|a Focus series.
|
| 856 |
4 |
0 |
|u https://doi.org/10.1002/9781119053989
|z Full Text via HEAL-Link
|
| 994 |
|
|
|a 92
|b DG1
|